书目信息 |
| 题名: |
动脉硬化性疾病现代诊疗学
|
|
| 作者: | 魏万林 , 张灵 , 陈韵岱 主编 | |
| 分册: | ||
| 出版信息: | 北京 金盾出版社 2015 |
|
| 页数: | 815页 | |
| 开本: | 26cm | |
| 丛书名: | ||
| 单 册: | ||
| 中图分类: | R543.5 | |
| 科图分类: | ||
| 主题词: | 动脉硬化--诊疗 | |
| 电子资源: | ||
| ISBN: | 978-7-5082-9546-6 | |
| 000 | 01087nam0 2200265 450 | |
| 001 | 2337232682 | |
| 005 | 20231217102104.84 | |
| 010 | @a978-7-5082-9546-6@b精装@d150.00CNY | |
| 090 | @aR543@bwwl | |
| 096 | @aR543@bwwl | |
| 100 | @a20150602d2015 em y0chiy0120 ea | |
| 101 | 0 | @achi |
| 102 | @aCN@b110000 | |
| 105 | @aa z 000yy | |
| 200 | 1 | @a动脉硬化性疾病现代诊疗学@Adong mai ying hua xing ji bing xian dai zhen liao xue@b专著@f魏万林,张灵,陈韵岱主编 |
| 210 | @a北京@c金盾出版社@d2015 | |
| 215 | @a815页@c图@d26cm | |
| 330 | @a本书分总论和各论两部份,共25章。总论主要阐述动脉硬化的基础医学研究情况。各论中详细阐述动脉硬化的临床医学研究情况,着重介绍供血给各器官的动脉患动脉粥样硬化后的临床表现以及诊断、治疗和预防措施,包括累及重要生命器官——心脏和脑的冠状动脉粥样硬化和脑动脉粥样硬化这两种最为重要的动脉粥样硬化疾病等。 | |
| 606 | 0 | @a动脉硬化@x诊疗 |
| 690 | @aR543.5@v5 | |
| 701 | 0 | @a魏万林@Awei wan lin@c(医学)@4主编 |
| 701 | 0 | @a张灵@Azhang ling@4主编 |
| 701 | 0 | @a陈韵岱@Achen yun dai@c(女)@4主编 |
| 801 | 2 | @aCN@b辽宁北配@c20231205 |
| 905 | @aBZT@dR543.5@e3 | |
| 动脉硬化性疾病现代诊疗学/魏万林,张灵,陈韵岱主编.-北京:金盾出版社,2015 |
| 815页:图;26cm |
| ISBN 978-7-5082-9546-6(精装):150.00CNY |
| 本书分总论和各论两部份,共25章。总论主要阐述动脉硬化的基础医学研究情况。各论中详细阐述动脉硬化的临床医学研究情况,着重介绍供血给各器官的动脉患动脉粥样硬化后的临床表现以及诊断、治疗和预防措施,包括累及重要生命器官——心脏和脑的冠状动脉粥样硬化和脑动脉粥样硬化这两种最为重要的动脉粥样硬化疾病等。 |
| ● |
| 相关链接 |
|
|
|
正题名:动脉硬化性疾病现代诊疗学
索取号:R543.5/3
 
预约/预借
| 序号 | 登录号 | 条形码 | 馆藏地/架位号 | 状态 | 备注 |
| 1 | 2001607664 | 2001607664 | 辽三/辽宁北配(第三批)/2318/ [索取号:R543.5/3] | 在馆 | |
| 2 | 2001607665 | 2001607665 | 辽三/辽宁北配(第三批)/2318/ [索取号:R543.5/3] | 在馆 | |
| 3 | 2001607666 | 2001607666 | 辽三/辽宁北配(第三批)/2318/ [索取号:R543.5/3] | 在馆 | |
| 4 | 2001607667 | 2001607667 | 辽三/辽宁北配(第三批)/2318/ [索取号:R543.5/3] | 在馆 | |
| 5 | 2001607668 | 2001607668 | 辽三/辽宁北配(第三批)/2318/ [索取号:R543.5/3] | 在馆 | |
| 6 | 2001607669 | 2001607669 | 辽三/辽宁北配(第三批)/2318/ [索取号:R543.5/3] | 在馆 | |
| 7 | 2001607670 | 2001607670 | 辽三/辽宁北配(第三批)/2318/ [索取号:R543.5/3] | 在馆 | |
| 8 | 2001607671 | 2001607671 | 辽三/辽宁北配(第三批)/2318/ [索取号:R543.5/3] | 在馆 | |
| 9 | 2001607672 | 2001607672 | 辽三/辽宁北配(第三批)/2319/ [索取号:R543.5/3] | 在馆 | |
| 10 | 2001607673 | 2001607673 | 辽三/辽宁北配(第三批)/2319/ [索取号:R543.5/3] | 在馆 | |
| 11 | 2001607674 | 2001607674 | 辽三/辽宁北配(第三批)/2319/ [索取号:R543.5/3] | 在馆 | |
| 12 | 2001607675 | 2001607675 | 辽三/辽宁北配(第三批)/2319/ [索取号:R543.5/3] | 在馆 | |
| 13 | 2001607676 | 2001607676 | 辽三/辽宁北配(第三批)/2319/ [索取号:R543.5/3] | 在馆 | |
| 14 | 2001607677 | 2001607677 | 辽三/辽宁北配(第三批)/2319/ [索取号:R543.5/3] | 在馆 |